• "Ed. italiana a cura di G. Bernardi, G. Quattrini. In testa al front.: I. T. Ramsey e AA. VV. 1 - Morale cristiana , Saggi I - Ramsey, Ian T. II - Bernardi Giuseppe III - Quattrini Giancarlo IV - Tit trad 241 BNI 73-4517"

di Personal Name

Records bibliografici associati: 1

001 - CONTROL NUMBER

  • control field: 36209

003 - CONTROL NUMBER IDENTIFIER

  • control field: IT-RoPau

005 - DATE AND TIME OF LATEST TRANSACTION

  • control field: 20151011223756.0

008 - FIXED-LENGTH DATA ELEMENTS

  • fixed length control field: 151011|| aca||aabn | a|a d

040 ## - CATALOGING SOURCE

  • Original cataloging agency: IT-RoPau
  • Transcribing agency: IT-RoPau

100 ## - HEADING--PERSONAL NAME

  • Personal name: "Ed. italiana a cura di G. Bernardi, G. Quattrini. In testa al front.: I. T. Ramsey e AA. VV. 1 - Morale cristiana , Saggi I - Ramsey, Ian T. II - Bernardi Giuseppe III - Quattrini Giancarlo IV - Tit trad 241 BNI 73-4517"

670 ## - SOURCE DATA FOUND

  • Source citation: Work cat.: (IT-RoPau)35115: Ivan T. Ramsey 36208, Christian ethics and contemporary philosophy. (Trad. italiana) Etica cristiana e filosofia contemporanea
CREDITS: SOCIETA' SAN PAOLO Via A.Severo, 58 - ROMA (RM) & PERIODICI SAN PAOLO SRL Via Giotto, 36 MILANO & CISF Via Giotto, 36 MILANO & EDIZIONI SAN PAOLO SRL,  Piazza Soncino, 5 CINISELLO BALSAMO (MI) -- ITALY